| 000 | 00364nam a2200145Ia 4500 | ||
|---|---|---|---|
| 008 | 150201s2011 xx 000 0 und d | ||
| 082 |
_a618.92 _bT11L |
||
| 100 | _aLEVITT, SOPHIE | ||
| 245 | _aTREATMENT OF CEREBRAL PALSY AND MOTOR DELAY | ||
| 250 | _a5TH | ||
| 260 |
_bWILEY BLAKWELL _aU.K. _c2011 |
||
| 300 | _a1-356 | ||
| 650 | _aORTHOPEADICS | ||
| 942 |
_2ddc _cBK |
||
| 999 |
_c1391 _d1391 |
||